Acumulación, crisis, estado y socialismo: el ordenamiento de la economía por el capital

Αποθηκεύτηκε σε:
Λεπτομέρειες βιβλιογραφικής εγγραφής
Κύριος συγγραφέας: Pillado Matheu, Armando
Συγγραφή απο Οργανισμό/Αρχή: Centro de Estudios y Promoción del Desarrollo
Μορφή: Κείμενο
Έκδοση: Lima: DESCO
Ετικέτες: Προσθήκη ετικέτας
Δεν υπάρχουν, Καταχωρήστε ετικέτα πρώτοι!

MARC

LEADER 00000 a a2200000 04500
001 22662
003
040
090 |a 155400  
100 |a Pillado Matheu, Armando  
110 |a Centro de Estudios y Promoción del Desarrollo  
245 |a Acumulación, crisis, estado y socialismo: el ordenamiento de la economía por el capital  
260 |a Lima:   |b DESCO  
300 |a 169 p.  
999 |c 2924  |d 2924